Silence, simplicity, and solitude : (Record no. 19085)
[ view plain ]
| 000 -LEADER | |
|---|---|
| fixed length control field | 02074nam a2200337 a 4500 |
| 005 - DATE AND TIME OF LATEST TRANSACTION | |
| control field | 20010606150540.0 |
| 008 - FIXED-LENGTH DATA ELEMENTS--GENERAL INFORMATION | |
| fixed length control field | 911115s1992 nyu b 001 0 eng |
| 010 ## - LCCN (DPL NO) | |
| LC control number | B-278397-400 |
| 020 ## - INTERNATIONAL STANDARD BOOK NUMBER | |
| International Standard Book Number | 9798179925521 |
| Terms of availability | 195.00 |
| 020 ## - INTERNATIONAL STANDARD BOOK NUMBER | |
| International Standard Book Number | 8179925528 |
| Terms of availability | 195.00 |
| 035 ## - SYSTEM CONTROL NUMBER | |
| System control number | B-278397-400 |
| 037 ## - SOURCE OF ACQUISITION | |
| Stock number | Aakar/I-125/10.6.08/63/16.5.08/11.7.08 |
| 040 ## - CATALOGING SOURCE | |
| Original cataloging agency | dpl |
| Language of cataloging | English |
| 082 ## - DEWEY DECIMAL CLASSIFICATION NUMBER | |
| Classification number | 291.446 |
| 100 ## - MAIN ENTRY--PERSONAL NAME | |
| Personal name | Cooper, David A., |
| 245 ## - TITLE STATEMENT | |
| Title | Silence, simplicity, and solitude : |
| Remainder of title | a guide for spiritual retreat / |
| Statement of responsibility, etc | by David A. Cooper. |
| 250 ## - EDITION STATEMENT | |
| Edition statement | 1st ed. |
| 260 ## - PUBLICATION, DISTRIBUTION, ETC. (IMPRINT) | |
| Place of publication, distribution, etc | Mumbai |
| Name of publisher, distributor, etc | Jaico Publishing House |
| Date of publication, distribution, etc | 2006 |
| 300 ## - PHYSICAL DESCRIPTION | |
| Extent | xii, 309p. |
| Dimensions | 22 cm (pbk) |
| 504 ## - BIBLIOGRAPHY, ETC. NOTE | |
| Bibliography, etc | Includes index. |
| 650 ## - SUBJECT ADDED ENTRY--TOPICAL TERM | |
| Topical term or geographic name as entry element | Spiritual retreats. |
| 650 ## - SUBJECT ADDED ENTRY--TOPICAL TERM | |
| Topical term or geographic name as entry element | Spiritual exercises. |
| 942 ## - ADDED ENTRY ELEMENTS (KOHA) | |
| Source of classification or shelving scheme | Dewey Decimal Classification |
| Item type | English Books |
| Classification part | 291.446 |
| Call number suffix | COO |
| Withdrawn status | Lost status | Source of classification or shelving scheme | Damaged status | Not for loan | Collection code | Home library | Current library | Date acquired | Source of acquisition | Cost, normal purchase price | Total Checkouts | Full call number | Barcode | Date last seen | Copy number | Cost, replacement price | Koha item type |
|---|---|---|---|---|---|---|---|---|---|---|---|---|---|---|---|---|---|
| Dewey Decimal Classification | Non-fiction | Bawana | Bawana | 25/11/2008 | Aakar/I-125/10.6.08/63/16.5.08/11.7.08 | 195.00 | 4 | 291.446 COO | B-278400 | 12/02/2025 | 1 | 195.00 | English Books | ||||
| Dewey Decimal Classification | Non-fiction | Central Library | Central Library | 25/11/2008 | Aakar/I-125/10.6.08/63/16.5.08/11.7.08 | 195.00 | 291.446 COO | B-278397 | 25/11/2008 | 1 | 195.00 | English Books | |||||
| Dewey Decimal Classification | Non-fiction | Patel Nagar | Patel Nagar | 25/11/2008 | Aakar/I-125/10.6.08/63/16.5.08/11.7.08 | 195.00 | 291.446 COO | B-278398 | 25/11/2008 | 1 | 195.00 | English Books | |||||
| Dewey Decimal Classification | Non-fiction | Sarojini Nagar | Sarojini Nagar | 25/11/2008 | Aakar/I-125/10.6.08/63/16.5.08/11.7.08 | 195.00 | 291.446 COO | B-278399 | 25/11/2008 | 1 | 195.00 | English Books | |||||
| Dewey Decimal Classification | Non-fiction | Vinoba Puri | Vinoba Puri | 25/11/2008 | Aakar/I-275/1.8.08/138/21.7.08/13.8.08 | 195.00 | 4 | 291.446 COO | B-284328 | 14/09/2019 | 1 | 195.00 | English Books |
